علیگڑھ کی علم خدمات / (Record no. 107152)

MARC details
000 -LEADER
fixed length control field 00860nam a22002537a 4500
005 - DATE AND TIME OF LATEST TRANSACTION
control field 20170123162322.0
010 ## - LIBRARY OF CONGRESS CONTROL NUMBER
LC control number A-773215
020 ## - INTERNATIONAL STANDARD BOOK NUMBER
Terms of availability 55.00
035 ## - SYSTEM CONTROL NUMBER
System control number A-773215
037 ## - SOURCE OF ACQUISITION
Source of stock number/acquisition Cen Lib/Ret
040 ## - CATALOGING SOURCE
Original cataloging agency DPL
Language of cataloging UR
082 ## - DEWEY DECIMAL CLASSIFICATION NUMBER
Classification number 844
Item number ج ل ی
100 ## - MAIN ENTRY--PERSONAL NAME
Personal name خلیق احمد نظامی
9 (RLIN) 534
245 ## - TITLE STATEMENT
Title علیگڑھ کی علم خدمات /
Statement of responsibility, etc خلیق احمد نظامی
246 ## - VARYING FORM OF TITLE
Title proper/short title Aligarh ke ilmi khidmat /
Remainder of title by Khaliq Ahmad Nizami
260 ## - PUBLICATION, DISTRIBUTION, ETC. (IMPRINT)
Place of publication, distribution, etc نیی دہلی
Name of publisher, distributor, etc عجمان ترقی اردو
Date of publication, distribution, etc 1994
270 ## - ADDRESS
City نیی دہلی
Address اردو گھر ٢١٢ روس ایونیو
Postal code 110002
300 ## - PHYSICAL DESCRIPTION
Extent 149p.
Dimensions 20cm(Hb)
650 ## - SUBJECT ADDED ENTRY--TOPICAL TERM
Topical term or geographic name as entry element اردو ادب
9 (RLIN) 117543
650 ## - SUBJECT ADDED ENTRY--TOPICAL TERM
Topical term or geographic name as entry element اردو زبان
9 (RLIN) 547
650 ## - SUBJECT ADDED ENTRY--TOPICAL TERM
Topical term or geographic name as entry element Urdu literature
9 (RLIN) 117544
650 ## - SUBJECT ADDED ENTRY--TOPICAL TERM
Topical term or geographic name as entry element Urdu language
9 (RLIN) 117545
942 ## - ADDED ENTRY ELEMENTS (KOHA)
Source of classification or shelving scheme Dewey Decimal Classification
Koha item type Urdu Bks
Classification part 844
Call number suffix ج ل ی
Holdings
Withdrawn status Lost status Damaged status Not for loan Home library Current library Date acquired Source of acquisition Cost, normal purchase price Total Checkouts Full call number Barcode Date last seen Date checked out Copy number Cost, replacement price Price effective from Koha item type
        Central Library Central Library 04/01/2016 Cen Lib/Ret 55.00 2 844 ج ل ی A-773215 03/04/2019 25/03/2019 1 55.00 04/01/2016 Urdu Bks

© Delhi Public Library
Hit Counter
free hit counter